A descriptive catalogue of coins of the Bengal sultans in the Bangladesh National Museum (Part: 1-2) / (Record no. 964)

MARC details
000 -LEADER
fixed length control field 01056nam a2200265 a 4500
003 - CONTROL NUMBER IDENTIFIER
control field BD-DhJNU
005 - DATE AND TIME OF LATEST TRANSACTION
control field 20241203062151.0
008 - FIXED-LENGTH DATA ELEMENTS--GENERAL INFORMATION
fixed length control field 191129s2017 bg a c f000 0 eng d
020 ## - INTERNATIONAL STANDARD BOOK NUMBER
International Standard Book Number 9789843390820
Qualifying information (v. 1 :
-- hardback)
020 ## - INTERNATIONAL STANDARD BOOK NUMBER
International Standard Book Number 9789843390844
Qualifying information (v. 2 :
-- hardback)
040 ## - CATALOGING SOURCE
Original cataloging agency BD-DhJNU
Language of cataloging ENG
Transcribing agency BD-DhJNU
Modifying agency BD-DhJNU
082 04 - DEWEY DECIMAL CLASSIFICATION NUMBER
Classification number 737.409 DES
Edition number 23
110 2# - MAIN ENTRY--CORPORATE NAME
Corporate name or jurisdiction name as entry element Bangladesh National Museum
245 12 - TITLE STATEMENT
Title A descriptive catalogue of coins of the Bengal sultans in the Bangladesh National Museum (Part: 1-2) /
Statement of responsibility, etc. prepared by Dr, Md. Rezaul Karim.
246 14 - VARYING FORM OF TITLE
Title proper/short title Coins of the Bengal sultans
264 #1 - PRODUCTION, PUBLICATION, DISTRIBUTION, MANUFACTURE, AND COPYRIGHT NOTICE
Place of production, publication, distribution, manufacture Dhaka :
Name of producer, publisher, distributor, manufacturer Bangladesh National Museum,
Date of production, publication, distribution, manufacture, or copyright notice 2017.
300 ## - PHYSICAL DESCRIPTION
Extent 2 volumes :
Other physical details illustrations (colour) ;
Dimensions 30 cm.
490 1# - SERIES STATEMENT
Series statement Descriptive catalogue series/Bangladesh National Museum ;
Volume/sequential designation volume 5/2007
546 ## - LANGUAGE NOTE
Language note Includes text in Arabic; with English translation.
650 #0 - SUBJECT ADDED ENTRY--TOPICAL TERM
Topical term or geographic name entry element Islamic coins
Geographic subdivision Bangladesh
Form subdivision Catalogs.
650 #0 - SUBJECT ADDED ENTRY--TOPICAL TERM
Topical term or geographic name entry element Sultans
Geographic subdivision Bangladesh.
655 #7 - INDEX TERM--GENRE/FORM
Genre/form data or focus term Catalogs.
Source of term fast
Authority record control number or standard number (OCoLC)fst01423692
700 1# - ADDED ENTRY--PERSONAL NAME
Personal name Karim, Rezaul,
Relator term editor.
942 ## - ADDED ENTRY ELEMENTS (KOHA)
Koha item type Books
Holdings
Withdrawn status Lost status Source of classification or shelving scheme Damaged status Not for loan Collection Home library Current library Shelving location Date acquired Source of acquisition Total checkouts Full call number Barcode Date last seen Copy number Price effective from Koha item type
    Dewey Decimal Classification     Non-fiction Jagannath University Central Library Jagannath University Central Library General stacks 12/03/2024 Purchased   737.409 DES JNUCL35112 12/03/2024 1 12/03/2024 Books
    Dewey Decimal Classification     Non-fiction Jagannath University Central Library Jagannath University Central Library General stacks 12/03/2024 Purchased   737.409 DES JNUCL35113 12/03/2024 2 12/03/2024 Books